000 00956nam0a22002771 4500
001 v19\rc\1889890
005 20251118180359.3
035 _a(NLR Aleph) 004977549
090 _a6150402
_c6150402
100 _a20080221d1910 |||y0rusy50 ca
101 0 _arus
102 _aRU
105 _aa z |||||
200 1 _aУпражнения по переменному току
_fП.А. Щуркевич, инж.-электрик
210 _aСанкт-Петербург
_cИзд. комис. студентов Электротехн. ин-та
_d1910
215 _a24 с.
_cчерт.
_d26
309 _aНапеч. на пиш. маш. Литогр.
700 1 _aЩуркевич
_bП. А.
_f1873-
_gПантелеймон Антонович
801 0 _aRU
_bNLR
_gpsbo
801 0 _aRU
_bRuMoRGB
_2psbo
801 1 _aRU
_bProSoft-M
_2rusmarc
852 _aNLR
_j20.87.9.398
899 _aRuMoRGB
_jV 120/572
899 _aБАН
942 _cBOOK
980 _aNB